000 00335nam a2200145Ia 4500
008 230718s9999 xx 000 0 und d
041 _aEng.
082 _a346
_bKHA-F
100 _aKhakhak Muniy Ahmad
245 0 _afinciples of Equity
260 _aPakistan
_bJafan low book
_c2007
300 _a311
650 _aLaw
999 _c29265
_d29265